Outlying portions of the Maresfield Park Estate in the county of Sussex consisting of 1 138 acres (Record no. 116513)

MARC details
000 -LEADER
fixed length control field 01221cam a22002175a 4500
001 - CONTROL NUMBER
control field L140879
008 - FIXED-LENGTH DATA ELEMENTS--GENERAL INFORMATION
fixed length control field 071016s1924 xxk eng u
035 ## - SYSTEM CONTROL NUMBER
System control number (Sirsi) u140879
041 0# - LANGUAGE CODE
Language code of text/sound track or separate title eng
110 2# - MAIN ENTRY--CORPORATE NAME
Corporate name or jurisdiction name as entry element John D Wood and Co.
9 (RLIN) 5398
245 00 - TITLE STATEMENT
Title Outlying portions of the Maresfield Park Estate in the county of Sussex consisting of 1 138 acres
Remainder of title excellent dairying and mixed farms...residences known as Fairholme, The Dairy House, Sandrock and several smaller ones, 30 country cottages, numerous small holdings and accommodation lands...for sale by auction by Messrs. John D. Wood and Co. and Brackett and Sons (acting in conjunction) at the Public Hall, Uckfield on Tuesday 18th November 1924 at 1.30 p.m.
260 ## - PUBLICATION, DISTRIBUTION, ETC.
Place of publication, distribution, etc. S.l.
Name of publisher, distributor, etc. s.n.
Date of publication, distribution, etc. [1924]
300 ## - PHYSICAL DESCRIPTION
Extent 50 p.
Other physical details ill., col. maps
Dimensions 33 cm.
340 ## - PHYSICAL MEDIUM
Material base and configuration Printed
351 ## - ORGANIZATION AND ARRANGEMENT OF MATERIALS
Hierarchical level Single item
500 ## - GENERAL NOTE
General note Farms included in the sale are Flitterbanks and Hole Farms, Lampool, Cophall, Streetfield, Spring Gardens, Boringwheel Mill, Gatehouse, Reedings, Courtfield, Tanyard and Nutley Inn Farms.
651 4# - SUBJECT ADDED ENTRY--GEOGRAPHIC NAME
Geographic name Sussex
Chronological subdivision 1888-
690 ## - LOCAL SUBJECT ADDED ENTRY--TOPICAL TERM (OCLC, RLIN)
Topical term or geographic name as entry element PROPERTY-PROPERTY ACQUISITION AND DISPOSAL-ACQUISITION AND DISPOSAL AT AUCTION
710 2# - ADDED ENTRY--CORPORATE NAME
Corporate name or jurisdiction name as entry element Brackett and Sons
9 (RLIN) 5399
942 ## - ADDED ENTRY ELEMENTS (KOHA)
Suppress in OPAC 0
Holdings
Withdrawn status Lost status Source of classification or shelving scheme Damaged status Not for loan Home library Current library Shelving location Date acquired Total Checkouts Full call number Barcode Date last seen Copy number Price effective from Koha item type
    Dewey Decimal Classification     London London Basement 16/10/2007   BASEMENT BOX 2 30013155 06/08/2019 1 06/08/2019 Archive